|
|
|
|
| LEADER |
00773nam a2200205Ia 4500 |
| 001 |
CTU_52733 |
| 008 |
210402s9999 xx 000 0 und d |
| 020 |
|
|
|b 3200
|
| 082 |
|
|
|a 324.2597075
|
| 082 |
|
|
|b B105
|
| 245 |
|
0 |
|a Tài liệu hỏi - đáp về các văn kiện (dự thảo) trình đại hội đại biểu toàn quốc lần thứ IX của Đảng :
|
| 245 |
|
0 |
|b Dùng cho Cán bộ, Đảng viên ở cơ sở và nhân dân
|
| 245 |
|
0 |
|c Ban tư tưởng văn hóa Trung ương
|
| 260 |
|
|
|a Hà Nội
|
| 260 |
|
|
|b Chính trị Quốc gia
|
| 260 |
|
|
|c 2000
|
| 650 |
|
|
|a Communist parties
|
| 650 |
|
|
|z Vietnam
|
| 904 |
|
|
|i QHieu (sửa)
|
| 980 |
|
|
|a Trung tâm Học liệu Trường Đại học Cần Thơ
|